Business Communiction / (Record no. 5651)
[ view plain ]
| 000 -LEADER | |
|---|---|
| fixed length control field | 00787nam a22002177a 4500 |
| 003 - CONTROL NUMBER IDENTIFIER | |
| control field | BUBTL |
| 008 - FIXED-LENGTH DATA ELEMENTS--GENERAL INFORMATION | |
| fixed length control field | 180114b xxu||||| |||| 00| 0 eng d |
| 020 ## - INTERNATIONAL STANDARD BOOK NUMBER | |
| International Standard Book Number | 978-0-07-014680-8 |
| 082 ## - DEWEY DECIMAL CLASSIFICATION NUMBER | |
| Classification number | 658.45 |
| Item number | LEB |
| 100 ## - MAIN ENTRY--PERSONAL NAME | |
| 9 (RLIN) | 120 |
| Personal name | Lesikar, Raymond V. |
| 245 ## - TITLE STATEMENT | |
| Title | Business Communiction / |
| Remainder of title | Making Connection in a Digital World |
| Statement of responsibility, etc. | Raymond V. Lesikar, Marie E. Flatley and Kathryn Rentz and Neerja Pande |
| 250 ## - EDITION STATEMENT | |
| Edition statement | 11th |
| 260 ## - PUBLICATION, DISTRIBUTION, ETC. (IMPRINT) | |
| Place of publication, distribution, etc. | New Delhi |
| Name of publisher, distributor, etc. | Mc Graw Hill |
| Date of publication, distribution, etc. | 2008 |
| 300 ## - PHYSICAL DESCRIPTION | |
| Extent | [xxix] 735p . : |
| Other physical details | ill , Graph ; 25cm . |
| Dimensions | Business . |
| 500 ## - GENERAL NOTE | |
| General note | Includes Index . |
| 650 #0 - SUBJECT ADDED ENTRY--TOPICAL TERM | |
| 9 (RLIN) | 1324 |
| Topical term or geographic name as entry element | Business Communication |
| 700 ## - ADDED ENTRY--PERSONAL NAME | |
| 9 (RLIN) | 1747 |
| Personal name | Raymond V. Lesikar, Marie E. Flatley and Kathryn Rentz and Neerja Pande |
| 856 ## - ELECTRONIC LOCATION AND ACCESS | |
| Password | 0 |
| Logon | 0 |
| Link text | Download |
| 942 ## - ADDED ENTRY ELEMENTS (KOHA) | |
| Source of classification or shelving scheme | |
| Koha item type | Books |
No items available.
